| 000 | 01770nam a2200385 a 4500 | ||
|---|---|---|---|
| 001 | ebr10613415 | ||
| 003 | CaPaEBR | ||
| 006 | m u | ||
| 007 | cr cn||||||||| | ||
| 008 | 100217s2011 nyua sb 001 0 eng d | ||
| 010 | _z 2010001620 | ||
| 020 | _z9780895033987 (cloth : alk. paper) | ||
| 020 | _z9780895034137 (e-book) | ||
| 040 |
_aCaPaEBR _cCaPaEBR |
||
| 035 | _a(OCoLC)820842367 | ||
| 050 | 1 | 4 |
_aT10.5 _b.C85 2011eb |
| 082 | 0 | 4 |
_a601/.4 _222 |
| 245 | 0 | 0 |
_aCulture, communication, and cyberspace _h[electronic resource] : _brethinking technical communication for international online environments / _cedited by Kirk St. Amant and Filipp Sapienza. |
| 260 |
_aAmityville, N.Y. : _bBaywood Pub. Co., _cc2011. |
||
| 300 |
_avi, 258 p. : _bill. |
||
| 490 | 1 | _aBaywood's technical communications series | |
| 504 | _aIncludes bibliographical references and index. | ||
| 505 | 0 | _asection I. Theoretical approaches to technical communication in cyberspace -- section II. Online interactions between cultures -- section III. Cross-cultural collaborations and learning environments. | |
| 533 |
_aElectronic reproduction. _bPalo Alto, Calif. : _cebrary, _d2011. _nAvailable via World Wide Web. _nAccess may be limited to ebrary affiliated libraries. |
||
| 650 | 0 | _aCommunication of technical information. | |
| 650 | 0 | _aCyberspace. | |
| 650 | 0 | _aSocial media. | |
| 650 | 0 | _aDistance education. | |
| 655 | 7 |
_aElectronic books. _2local |
|
| 700 | 1 |
_aSt. Amant, Kirk, _d1970- |
|
| 700 | 1 |
_aSapienza, Filipp, _d1966- |
|
| 710 | 2 | _aebrary, Inc. | |
| 830 | 0 | _aBaywood's technical communications series (Unnumbered) | |
| 856 | 4 | 0 |
_uhttp://site.ebrary.com/lib/rucke/Doc?id=10613415 _zAn electronic book accessible through the World Wide Web; click to view |
| 999 |
_c100849 _d100849 |
||